<?xml version="1.0" encoding="UTF-8"?><?xml-stylesheet type="text/xsl" href="static/style.xsl"?><OAI-PMH xmlns="http://www.openarchives.org/OAI/2.0/" xmlns:xsi="http://www.w3.org/2001/XMLSchema-instance" xsi:schemaLocation="http://www.openarchives.org/OAI/2.0/ http://www.openarchives.org/OAI/2.0/OAI-PMH.xsd"><responseDate>2026-06-05T03:55:10Z</responseDate><request verb="GetRecord" identifier="oai:riuma.uma.es:10630/32223" metadataPrefix="marc">https://riuma.uma.es/rest/oai/request</request><GetRecord><record><header><identifier>oai:riuma.uma.es:10630/32223</identifier><datestamp>2026-02-03T11:23:29Z</datestamp><setSpec>com_10630_2254</setSpec><setSpec>col_10630_37953</setSpec></header><metadata><record xmlns="http://www.loc.gov/MARC21/slim" xmlns:dcterms="http://purl.org/dc/terms/" xmlns:doc="http://www.lyncode.com/xoai" xmlns:xsi="http://www.w3.org/2001/XMLSchema-instance" xsi:schemaLocation="http://www.loc.gov/MARC21/slim http://www.loc.gov/standards/marcxml/schema/MARC21slim.xsd">
   <leader>00925njm 22002777a 4500</leader>
   <datafield ind2=" " ind1=" " tag="042">
      <subfield code="a">dc</subfield>
   </datafield>
   <datafield ind2=" " ind1=" " tag="720">
      <subfield code="a">Ferragut-Ortiz-Tallo, Marta</subfield>
      <subfield code="e">author</subfield>
   </datafield>
   <datafield ind2=" " ind1=" " tag="720">
      <subfield code="a">Ortiz-Tallo-Alarcón, Margarita</subfield>
      <subfield code="e">author</subfield>
   </datafield>
   <datafield ind2=" " ind1=" " tag="720">
      <subfield code="a">Blanca-Mena, María José</subfield>
      <subfield code="e">author</subfield>
   </datafield>
   <datafield ind2=" " ind1=" " tag="260">
      <subfield code="c">2021</subfield>
   </datafield>
   <datafield ind2=" " ind1=" " tag="520">
      <subfield code="a">Child sexual abuse (CSA) includes abusive contact experiences, which habitually impact the victim’s whole life. This study aims to analyze the characteristics of six CSA experiences with physical contact, including penetration, in a representative sample of the Spanish population. Participants were 1071 Spanish adults (53% males; Mage: 45.37) who completed the Child Sexual Abuse Experiences Questionnaire. The victim’s age at the first episode, the perpetrator’s characteristics, and the number of times that each experience occurred were analyzed, taking into account gender differences. Results were reported for every experience independently. The most prevalent age at the first experience was from 6 years old onwards, but with differences in some experiences. The abuses usually happened more than once, committed by the same person. The most prevalent perpetrator is&#xd;
a male, although a female perpetrator is more prevalent in male victims. Most of the abuses were committed by an adult acquaintance, a strange adult, and other minors, with some gender differences. The implications of the results concerning every CSA experience are discussed, highlighting their value for future research and practice, the design of preventive programs, and early detection of CSA.</subfield>
   </datafield>
   <datafield ind1="8" ind2=" " tag="024">
      <subfield code="a">Ferragut, M., Ortiz-Tallo, M., &amp; Blanca, M.J. (2021). Victims and Perpetrators of Child Sexual Abuse: Abusive Contact and Penetration Experiences. International Journal of Environmental Research and Public Health. 18, 1 - 20. DOI: 10.3390/ijerph18189593</subfield>
   </datafield>
   <datafield ind1="8" ind2=" " tag="024">
      <subfield code="a">https://hdl.handle.net/10630/32223</subfield>
   </datafield>
   <datafield ind1="8" ind2=" " tag="024">
      <subfield code="a">10.3390/ijerph18189593</subfield>
   </datafield>
   <datafield tag="653" ind2=" " ind1=" ">
      <subfield code="a">Niños - Abusos sexuales</subfield>
   </datafield>
   <datafield ind2="0" ind1="0" tag="245">
      <subfield code="a">Victims and perpetrators of child sexual abuse: abusive contact and penetration experiences</subfield>
   </datafield>
</record>
</metadata></record></GetRecord></OAI-PMH>